Humanismo y derecho
Saved in:
| Hovedforfatter: | |
|---|---|
| Format: | Bog |
| Sprog: | spansk |
| Udgivet: |
Madrid
Reus
1962
|
| Fag: | |
| Tags: |
Tilføj Tag
Ingen Tags, Vær først til at tagge denne postø!
|
MARC
| LEADER | 00000nam a2200000 a 4500 | ||
|---|---|---|---|
| 001 | UCS9711 | ||
| 003 | CL-VaPUC | ||
| 008 | 971121e19620000SP |||||||||||||||||spa|d | ||
| 082 | 0 | 4 | |a 340.109 |b CAS |2 21 |
| 100 | |a Castan Tobeñas, José, |d 1889-1969 |e author |9 386245 | ||
| 245 | 1 | 0 | |a Humanismo y derecho |
| 246 | 1 | 3 | |a El humanismo en la historia del pensamiento filosófico y en la problemática jurídico-social de hoy |
| 300 | |a 151 p | ||
| 942 | |c BK | ||
| 945 | |d 19971121 00:00:00 |a cmena | ||
| 260 | |a Madrid |b Reus |c 1962 | ||
| 650 | 0 | |a Filosofía del derecho |9 255050 | |
| 650 | 0 | |a Humanismo |9 256530 | |
| 650 | 0 | |a Escuelas filosóficas |9 266232 | |
| 650 | 0 | |a Filosofía griega |9 265579 | |
| 650 | 0 | |a Derecho romano |9 255930 | |
| 650 | 0 | |a Filosofía medieval |9 256245 | |
| 650 | 7 | |a HUMANISMO ESPAÑOL |2 CL-VaPUC |9 394322 | |
| 650 | 7 | |a HUMANISMO EUROPEO |2 CL-VaPUC |9 394991 | |
| 650 | 0 | |a Filosofía renacentista |9 268121 | |
| 650 | 0 | |a Filosofía contemporánea |9 265372 | |
| 650 | 0 | |a Democracia |9 255256 | |
| 650 | 7 | |a DERECHO PENAL |2 CL-VaPUC |9 11 | |
| 650 | 7 | |a DERECHO SOCIAL |2 CL-VaPUC |9 256772 | |
| 650 | 0 | |a Derecho procesal penal |9 255496 | |
| 650 | 0 | |a Derecho privado |9 258243 | |
| 583 | |a last modification |c 19971121 00:00:00 |k Rodrigo Vera | ||
| 999 | |c 263472 |d 263470 | ||
| 952 | |0 0 |1 0 |4 0 |6 340_109000000000000_CAS_1962 |7 0 |8 DER_TF |9 292796 |a BIBDER |b BIBDER |d 2019-11-19 |i 1904949 |l 1 |o 340.109 CAS 1962 |p 1904949 |r 2023-01-25 |s 2020-03-18 |w 2019-11-19 |x Ubicación 4to Piso |y BK |z Estos recursos deben solicitarse con anticipación |k DER | ||